[Event "52nd World Juniors 2013"]
[Site "Kocaeli TUR"]
[Date "2013.09.17"]
[Round "5.44"]
[White "Emiroglu, Cankut"]
[Black "Sumer, Gun"]
[Result "1-0"]
[WhiteTitle "CM"]
[WhiteElo "2260"]
[BlackElo "1928"]
[WhiteFideId "6306659"]
[BlackFideId "6311784"]
[EventDate "2013.09.13"]

1. e4 c5 2. Nf3 d6 3. d4 cxd4 4. Qxd4 Nc6 5. Bb5 Bd7 6. Bxc6 Bxc6 7. Bg5 f5 8.
exf5 Qa5+ 9. Nbd2 Qxf5 10. O-O-O Rc8 11. c3 Nf6 12. Rhe1 Kf7 13. Qh4 e5 14. Nc4
Ne4 15. Na5 Nc5 16. Nxc6 Rxc6 17. Qc4+ Ne6 18. Qd5 h6 19. Be3 Be7 20. Nd4 Qg6
21. Nxc6 bxc6 22. Qxc6 a5 23. Qf3+ Kg8 24. h4 h5 25. Qb7 Qf6 26. g3 Kh7 27. Qa6
Qf3 28. Qxa5 Ra8 29. Qd5 Qxd5 30. Rxd5 Rxa2 31. Kb1 1-0

[Event "52nd World Juniors 2013"]
[Site "Kocaeli TUR"]
[Date "2013.09.17"]
[Round "5.45"]
[White "Kitir, Ahmet"]
[Black "Ashiku, Franc"]
[Result "0-1"]
[WhiteElo "1866"]
[BlackElo "2253"]
[WhiteFideId "6327737"]
[BlackFideId "4700066"]
[EventDate "2013.09.13"]

1. e4 c5 2. Nf3 e6 3. d4 cxd4 4. Nxd4 a6 5. c4 Nf6 6. Nc3 Qc7 7. Qe2 d6 8. g3 b6
9. Bg2 Bb7 10. O-O Nbd7 11. b3 b5 12. Bb2 bxc4 13. Rac1 Nb6 14. Rfd1 Be7 15. e5
dxe5 16. Ncb5 axb5 17. Nxb5 Qc8 18. Rd6 Bxg2 19. Rxb6 Bd5 20. bxc4 Bc6 21. c5
Nd7 22. Bxe5 O-O 23. Nc7 Nxb6 24. cxb6 Bd5 25. Qb2 Ba3 26. Nxd5 Qxc1+ 27. Qxc1
Bxc1 28. b7 exd5 0-1

[Event "52nd World Juniors 2013"]
[Site "Kocaeli TUR"]
[Date "2013.09.17"]
[Round "5.46"]
[White "Tomazini, Aljosa"]
[Black "Kilic, Efe Mert"]
[Result "1-0"]
[WhiteTitle "FM"]
[WhiteElo "2251"]
[BlackElo "1843"]
[WhiteFideId "14608154"]
[BlackFideId "6354327"]
[EventDate "2013.09.13"]

1. d4 Nf6 2. Nf3 e6 3. c4 b6 4. a3 Bb7 5. Nc3 Ne4 6. Nxe4 Bxe4 7. Bf4 d6 8. Nd2
Bb7 9. e4 Nd7 10. Be3 g6 11. h4 h5 12. Qc2 Bg7 13. Be2 c5 14. d5 exd5 15. cxd5
Ne5 16. Bb5+ Kf8 17. f3 a6 18. Be2 Bc8 19. g3 Bd7 20. O-O Bb5 21. Bxb5 axb5 22.
Bf4 Qe7 23. Kg2 Kg8 24. Rab1 Kh7 25. Bxe5 Qxe5 26. f4 Qf6 27. Nf3 Rhe8 28. Rfe1
Qd8 29. Rbd1 f6 30. e5 Kh6 31. Qd2 Kh7 32. Qc2 Kh6 33. e6 f5 34. Ng5 Qe7 35. g4
hxg4 36. h5 Bf6 37. Nf7+ Kg7 38. hxg6 Ra4 39. Qxf5 Bxb2 40. Rh1 Qf6 41. Rh7+ Kf8
42. g7+ Ke7 43. g8=Q Rxg8 44. Nh6+ 1-0

[Event "52nd World Juniors 2013"]
[Site "Kocaeli TUR"]
[Date "2013.09.17"]
[Round "5.48"]
[White "Kathmale, Sameer"]
[Black "Karaokcu, Erkin"]
[Result "1-0"]
[WhiteElo "2339"]
[BlackElo "2014"]
[WhiteFideId "5024498"]
[BlackFideId "6348459"]
[EventDate "2013.09.13"]

1. e4 d6 2. d4 Nf6 3. Nc3 g6 4. f3 c6 5. Be3 b5 6. Qd2 Nbd7 7. g4 Nb6 8. b3 Bb7
9. Nge2 a5 10. a4 b4 11. Nd1 h5 12. g5 Nfd7 13. Bh3 Bg7 14. c4 bxc3 15. Ndxc3 c5
16. O-O cxd4 17. Bxd4 Bxd4+ 18. Qxd4 O-O 19. f4 Nc5 20. Rad1 Nxb3 21. Qf2 Nc5
22. f5 Nc4 23. Ng3 Ne5 24. f6 exf6 25. gxf6 Kh7 26. Nxh5 Rh8 27. Ng3 Kg8 28. Bg2
Ng4 29. Qf4 Ne5 30. Nb5 Ncd3 31. Qe3 Rc8 32. Rxd3 Nxd3 33. Qxd3 Qb6+ 34. Kh1 Qc5
35. Nxd6 Rd8 36. Nxb7 Rxd3 37. Nxc5 Rxg3 38. e5 Re3 39. e6 1-0

[Event "52nd World Juniors 2013"]
[Site "Kocaeli TUR"]
[Date "2013.09.17"]
[Round "5.49"]
[White "Gaehwiler, Gabriel"]
[Black "Heinechen, John"]
[Result "1-0"]
[WhiteElo "2287"]
[BlackElo "1901"]
[WhiteFideId "1314530"]
[BlackFideId "3700976"]
[EventDate "2013.09.13"]

1. e4 e6 2. Nf3 d5 3. e5 c5 4. b4 cxb4 5. d4 Qb6 6. a3 Bd7 7. axb4 Bb5 8. Bxb5+
Qxb5 9. c3 Qc6 10. O-O Nd7 11. c4 Bxb4 12. cxd5 Qxd5 13. Qa4 Bf8 14. Nc3 Qc6 15.
Nb5 Rc8 16. d5 exd5 17. Nfd4 Qb6 18. Nf5 Rc4 19. Nbd6+ Bxd6 20. Nxd6+ 1-0

[Event "52nd World Juniors 2013"]
[Site "Kocaeli TUR"]
[Date "2013.09.17"]
[Round "5.50"]
[White "Thompson, Robert"]
[Black "Koksal, Ege"]
[Result "0-1"]
[BlackTitle "CM"]
[WhiteElo "1966"]
[BlackElo "2207"]
[WhiteFideId "417513"]
[BlackFideId "6317626"]
[EventDate "2013.09.13"]

1. Nf3 Nf6 2. c4 c5 3. Nc3 d5 4. cxd5 Nxd5 5. g3 Nc6 6. Bg2 Nc7 7. d3 e5 8. O-O
Be7 9. Nd2 Bd7 10. Nc4 f6 11. a4 O-O 12. b3 Be6 13. Bxc6 bxc6 14. Ba3 Bh3 15.
Re1 Ne6 16. Ne4 Rb8 17. Rc1 f5 18. Ned2 Qd5 19. Ne3 Qd7 20. Nf3 Qc7 21. Qc2 Kh8
22. Nc4 Bf6 23. Ncd2 Rfe8 24. Bxc5 Nxc5 25. Qxc5 e4 26. Nd4 e3 27. N2f3 exf2+
28. Kxf2 f4 29. Qxc6 Bxd4+ 30. Nxd4 Qe5 31. Rc5 Qxd4+ 32. e3 fxe3+ 33. Rxe3 Rf8+ 0-1

[Event "52nd World Juniors 2013"]
[Site "Kocaeli TUR"]
[Date "2013.09.17"]
[Round "5.51"]
[White "Pecurica, Milos"]
[Black "Sahin, Ozgun"]
[Result "1/2-1/2"]
[WhiteElo "2190"]
[BlackElo "1857"]
[WhiteFideId "944963"]
[BlackFideId "6328121"]
[EventDate "2013.09.13"]

1. d4 d5 2. c4 c6 3. Nf3 e6 4. Nc3 Nf6 5. Bg5 Be7 6. e3 Nbd7 7. Qc2 h6 8. Bh4
dxc4 9. Bxc4 b5 10. Bd3 Bb7 11. e4 a6 12. e5 Nd5 13. Bxe7 Qxe7 14. Ne4 O-O 15.
Nd6 Nb4 16. Qd2 Nxd3+ 17. Qxd3 Rab8 18. b4 Nb6 19. O-O Nc8 20. Nxc8 Rfxc8 21. a3
a5 22. Qc3 Ra8 23. Nd2 axb4 24. axb4 c5 25. Rxa8 Rxa8 26. dxc5 Bd5 27. Nf3 Ra4
28. Rc1 Bxf3 29. gxf3 1/2-1/2

[Event "52nd World Juniors 2013"]
[Site "Kocaeli TUR"]
[Date "2013.09.17"]
[Round "5.52"]
[White "Baasansuren, Erdene"]
[Black "Igonin, Temur"]
[Result "0-1"]
[WhiteTitle "CM"]
[BlackTitle "FM"]
[WhiteElo "1844"]
[BlackElo "2074"]
[WhiteFideId "4902084"]
[BlackFideId "14203049"]
[EventDate "2013.09.13"]

1. d4 d5 2. c4 dxc4 3. e4 Nf6 4. Nc3 e5 5. d5 Bc5 6. Bg5 Qd6 7. Bxc4 Ng4 8. Bh4
a6 9. a4 Bxf2+ 10. Bxf2 Nxf2 11. Kxf2 Qc5+ 12. Kg3 Qxc4 13. Qh5 Nd7 14. Nf3 Qc5
15. Rhf1 Qe3 16. Qg5 Qxg5+ 17. Nxg5 h6 18. Nf3 Ke7 19. Rac1 Kd6 20. Nh4 Nf6 21.
h3 Bd7 22. Kh2 Rhb8 23. b4 c6 24. Rfd1 Ke7 25. Nf3 cxd5 26. Nxd5+ Nxd5 27. Rxd5
Rc8 28. Rxc8 Rxc8 29. b5 Rc4 30. bxa6 bxa6 31. a5 Ra4 32. Nd2 Bb5 33. Nb3 f6 34.
Rc5 Rxe4 35. Rc8 Kf7 36. Nc5 Rb4 37. Rc7+ Kg6 38. Nxa6 Bxa6 0-1

[Event "52nd World Juniors 2013"]
[Site "Kocaeli TUR"]
[Date "2013.09.17"]
[Round "5.54"]
[White "Meftahi, Houssem"]
[Black "Mamyrbay, Assad"]
[Result "0-1"]
[WhiteElo "2076"]
[BlackElo "1823"]
[WhiteFideId "5501660"]
[BlackFideId "13708880"]
[EventDate "2013.09.13"]

1. e4 c5 2. Nf3 d6 3. d4 cxd4 4. Nxd4 Nf6 5. Nc3 a6 6. Bc4 e6 7. Bb3 Nbd7 8. Bg5
Nc5 9. f4 Be7 10. Qf3 Qc7 11. O-O-O O-O 12. Rhe1 b5 13. Bd5 exd5 14. e5 dxe5 15.
Bxf6 Bxf6 16. Nxd5 Qd6 17. fxe5 Bxe5 18. Nc6 Qh6+ 19. Kb1 Bxb2 20. Kxb2 Na4+ 21.
Ka3 0-1

[Event "52nd World Juniors 2013"]
[Site "Kocaeli TUR"]
[Date "2013.09.17"]
[Round "5.55"]
[White "Mesic, Vehid"]
[Black "Kulkarni, Rakesh"]
[Result "1/2-1/2"]
[WhiteElo "1576"]
[BlackElo "2283"]
[WhiteFideId "14404320"]
[BlackFideId "5037077"]
[EventDate "2013.09.13"]

1. e4 c5 2. d4 cxd4 3. c3 d3 4. Bxd3 g6 5. Nf3 Bg7 6. Be3 Nc6 7. Nbd2 Nf6 8. h3
d6 9. O-O O-O 10. Nd4 Bd7 11. N2f3 e5 12. Ne2 Qc7 13. c4 Ne8 14. Nc3 f5 15. Nd5
Qc8 16. b4 Kh8 17. Bg5 Be6 18. b5 Bxd5 19. exd5 Nb4 20. Bc1 Nxd3 21. Qxd3 Nf6
22. Qe3 1/2-1/2

[Event "52nd World Juniors 2013"]
[Site "Kocaeli TUR"]
[Date "2013.09.17"]
[Round "5.56"]
[White "Atay, Sergen"]
[Black "Ertekin, Oguzhan"]
[Result "1-0"]
[WhiteElo "1713"]
[BlackElo "1583"]
[WhiteFideId "6309143"]
[BlackFideId "6337481"]
[EventDate "2013.09.13"]

1. c4 c5 2. Nc3 Nc6 3. Nf3 g6 4. g3 Bg7 5. Bg2 d6 6. d3 e5 7. a3 Nge7 8. Rb1 O-O
9. Bd2 Be6 10. b4 b6 11. Ng5 Rc8 12. Nxe6 fxe6 13. bxc5 bxc5 14. O-O Rb8 15. Qa4
Qd7 16. Bg5 Bf6 17. Bxf6 Rxf6 18. Ne4 Rff8 19. Rxb8 Nxb8 20. Qxd7 Nxd7 21. Nxd6
Nf5 22. Nb5 Nd4 23. Nxd4 exd4 24. Rb1 Rb8 25. Rxb8+ Nxb8 26. Kf1 Kf7 27. Ke1 Nd7
28. Kd1 Nb6 29. Bc6 e5 30. Kc2 Kf6 31. Kd2 h6 32. e3 Ke7 33. exd4 exd4 34. f4
Kf6 35. Ke2 Nc8 36. Kf3 Nd6 37. g4 g5 38. Bd5 Kg7 39. Kg3 Kf6 40. h4 Kg6 41.
fxg5 hxg5 42. hxg5 Kxg5 43. Kf3 Nc8 44. Ke4 Kf6 45. g5+ Kxg5 46. Ke5 Nb6 47. Bc6
Nc8 48. Kd5 Kf4 49. Kxc5 Ke3 50. Be4 Nb6 51. Kb5 Nc8 52. c5 Ne7 53. Ka6 1-0

[Event "52nd World Juniors 2013"]
[Site "Kocaeli TUR"]
[Date "2013.09.17"]
[Round "5.57"]
[White "Topac, Ahmet Eren"]
[Black "Abdrashev, Arlen"]
[Result "1-0"]
[WhiteElo "1800"]
[BlackElo "1745"]
[WhiteFideId "6311873"]
[BlackFideId "13710257"]
[EventDate "2013.09.13"]

1. e4 c5 2. Ne2 e6 3. Nbc3 Nc6 4. d3 d6 5. g3 g6 6. Bg2 Bg7 7. O-O Nge7 8. Bg5
O-O 9. h4 Rb8 10. a4 a6 11. h5 b5 12. axb5 axb5 13. hxg6 hxg6 14. Qd2 b4 15. Na4
Nd4 16. Nxd4 cxd4 17. Bf3 Qc7 18. Kg2 Re8 19. Rh1 e5 20. Bh6 Bf6 21. Bg5 Bg7 22.
Rh2 Bd7 23. Rah1 Bxa4 24. Qc1 Qxc2 25. Rh8+ Bxh8 26. Rxh8+ Kg7 27. Rh7+ Kf8 28.
Qh1 Ng8 29. Rh8 Rec8 1-0

[Event "52nd World Juniors 2013"]
[Site "Kocaeli TUR"]
[Date "2013.09.17"]
[Round "5.58"]
[White "Garcia Herrera, Enrique Ric"]
[Black "Uraz, Abdullah Kerim"]
[Result "1-0"]
[WhiteTitle "CM"]
[WhiteElo "1653"]
[BlackElo "1602"]
[WhiteFideId "5115124"]
[BlackFideId "2044846"]
[EventDate "2013.09.13"]

1. Nf3 Nf6 2. c4 c6 3. Nc3 g6 4. g3 Bg7 5. Bg2 d5 6. cxd5 cxd5 7. d4 Ne4 8. O-O
Nxc3 9. bxc3 O-O 10. Qb3 Nc6 11. Bf4 e6 12. Rab1 b6 13. e4 Ba6 14. Rfd1 Bc4 15.
Qc2 f6 16. Nd2 Na5 17. Nxc4 Nxc4 18. exd5 exd5 19. Qa4 a6 20. Qc6 Kh8 21. Qxd5
Rc8 22. Rb4 b5 23. a4 Qxd5 24. Bxd5 Na3 25. Rb3 b4 26. cxb4 Nc2 27. Bb7 Rcd8 28.
Rbd3 f5 29. Kg2 Rfe8 30. Be3 1-0

[Event "52nd World Juniors 2013"]
[Site "Kocaeli TUR"]
[Date "2013.09.18"]
[Round "6.1"]
[White "Yu, Yangyi"]
[Black "Sethuraman, S.P."]
[Result "1-0"]
[WhiteTitle "GM"]
[BlackTitle "GM"]
[WhiteElo "2662"]
[BlackElo "2553"]
[WhiteFideId "8603820"]
[BlackFideId "5021596"]
[EventDate "2013.09.13"]

1. e4 c5 2. Nf3 d6 3. d4 cxd4 4. Nxd4 Nf6 5. Nc3 a6 6. Bg5 e6 7. f4 h6 8. Bh4
Qb6 9. a3 Be7 10. Bf2 Qc7 11. Qf3 Nbd7 12. O-O-O b5 13. g4 Bb7 14. Bg2 g5 15. h4
gxf4 16. g5 Ne5 17. Qxf4 Nfg4 18. g6 Rf8 19. Bg3 h5 20. gxf7+ Rxf7 21. Qd2 Nc4
22. Qe2 Rc8 23. Rd3 Bf6 24. Nxe6 Qa5 25. e5 Nxb2 26. Kxb2 Nxe5 27. Bxe5 Bxe5 28.
Nd4 b4 29. Ne4 Re7 30. a4 b3 31. cxb3 Bxd4+ 32. Rxd4 Bxe4 33. Rxe4 Qc3+ 34. Ka3
Qc5+ 35. Kb2 Qc3+ 36. Ka2 Qc2+ 37. Qxc2 Rxc2+ 38. Ka3 Rxg2 39. Rd4 Re6 40. Rd5
Ree2 41. Rxh5 Kd7 42. Kb4 Re3 43. Rh7+ Ke6 44. Rb7 Re5 45. Ka3 a5 46. Rb5 Rg6
47. h5 Rh6 48. Rxe5+ dxe5 49. b4 axb4+ 50. Kxb4 e4 51. a5 Kd5 52. Kc3 Kc5 53.
Rh4 Kd5 54. Kd2 Kd4 55. Ke2 Ke5 56. Ke3 Kd5 57. Rh2 Rc6 58. h6 Rc3+ 59. Kd2 1-0

[Event "52nd World Juniors 2013"]
[Site "Kocaeli TUR"]
[Date "2013.09.18"]
[Round "6.2"]
[White "Petenyi, Tamas"]
[Black "Ipatov, Alexander"]
[Result "0-1"]
[WhiteTitle "IM"]
[BlackTitle "GM"]
[WhiteElo "2468"]
[BlackElo "2601"]
[WhiteFideId "14909090"]
[BlackFideId "14116731"]
[EventDate "2013.09.13"]

1. e4 c6 2. Nc3 d5 3. Qe2 d4 4. Nd1 e5 5. d3 Bd6 6. g3 c5 7. f4 Nc6 8. Nf3 Nge7
9. Bg2 f6 10. O-O Be6 11. f5 Bf7 12. Kh1 Qd7 13. c4 a6 14. Nf2 b5 15. b3 Bc7 16.
g4 g5 17. Bxg5 fxg5 18. Nxg5 h6 19. Nxf7 Kxf7 20. Nh3 Rag8 21. g5 hxg5 22. f6 g4
23. fxe7+ Kxe7 24. Ng1 Qe6 25. Rf5 Qh6 26. Bf1 Nd8 27. Qg2 Ne6 28. Qg3 Ng7 29.
Rf2 Nh5 30. Qh4+ Kd6 31. Rf5 Bd8 32. Qe1 Nf4 33. h3 gxh3 34. b4 Rxg1+ 35. Kxg1
Qg6+ 36. Kh1 Qg2+ 37. Bxg2 hxg2+ 38. Kg1 Rh1+ 39. Kf2 Bh4+ 40. Kf3 Bxe1 41.
bxc5+ Ke6 0-1

[Event "52nd World Juniors 2013"]
[Site "Kocaeli TUR"]
[Date "2013.09.18"]
[Round "6.3"]
[White "Grover, Sahaj"]
[Black "Vidit, Santosh Gujrathi"]
[Result "1-0"]
[WhiteTitle "GM"]
[BlackTitle "GM"]
[WhiteElo "2479"]
[BlackElo "2565"]
[WhiteFideId "5021103"]
[BlackFideId "5029465"]
[EventDate "2013.09.13"]

1. d4 Nf6 2. c4 e6 3. Nc3 Bb4 4. f3 c5 5. d5 O-O 6. e4 d6 7. Bd2 exd5 8. cxd5
Nbd7 9. Nh3 Ne5 10. Nf2 c4 11. Be3 Bd7 12. Be2 b5 13. O-O Ba5 14. a4 a6 15. axb5
axb5 16. Bd4 Re8 17. Qd2 Ng6 18. Rfb1 Qc7 19. b4 Bb6 20. Qe3 Bxd4 21. Qxd4 h5
22. g3 Qb7 23. Ra5 Rxa5 24. bxa5 Qa6 25. Qb6 Qxb6 26. axb6 Rb8 27. f4 h4 28.
Nxb5 Rxb6 29. Bxc4 Nh5 30. Kg2 f5 31. Rb3 hxg3 32. hxg3 Bxb5 33. Rxb5 Rxb5 34.
Bxb5 fxe4 35. Nxe4 Kf8 36. Bc6 Nf6 37. Nc3 Ne7 38. Kf3 Nf5 39. g4 Nd4+ 40. Kg3
g6 41. Ba4 Ke7 42. Bd1 Nd7 43. Kf2 Nc5 44. Ke3 Ndb3 45. Bc2 Kf6 46. g5+ Kg7 47.
Bxb3 Nxb3 48. Ne4 Na5 49. Nxd6 Nc4+ 50. Nxc4 1-0

[Event "52nd World Juniors 2013"]
[Site "Kocaeli TUR"]
[Date "2013.09.18"]
[Round "6.4"]
[White "Eliseev, Urii"]
[Black "Kanarek, Marcel"]
[Result "1-0"]
[WhiteTitle "IM"]
[BlackTitle "IM"]
[WhiteElo "2550"]
[BlackElo "2483"]
[WhiteFideId "24131920"]
[BlackFideId "1126822"]
[EventDate "2013.09.13"]

1. e4 c5 2. Nf3 d6 3. d4 cxd4 4. Nxd4 Nf6 5. Nc3 g6 6. Be3 Bg7 7. f3 O-O 8. Qd2
Nc6 9. Bc4 Nxd4 10. Bxd4 Be6 11. Bb3 Qa5 12. O-O-O b5 13. Kb1 Rfc8 14. Rhe1 Bxb3
15. cxb3 Rab8 16. a3 e6 17. b4 Qc7 18. e5 Ne8 19. exd6 Qxd6 20. Bxg7 Qxd2 21.
Rxd2 Kxg7 22. Rd7 Rc7 23. Red1 a6 24. Rxc7 Nxc7 25. Rd7 Nd5 26. Nxd5 exd5 27.
Rd6 Re8 28. Rxa6 d4 29. Rd6 Re2 30. Rxd4 Rxg2 31. h4 h5 32. a4 bxa4 33. b5 g5
34. b6 Re2 35. hxg5 Kg6 36. Ka2 Kxg5 37. Ka3 f5 38. Rd8 Re7 39. Kxa4 Rh7 40. Kb5
Kf4 41. Rf8 Ke3 42. Ka6 f4 43. b7 Rxb7 44. Kxb7 Kxf3 45. Rh8 Kg4 46. Kc6 f3 47.
Kd5 f2 48. Rf8 Kg3 49. Ke4 Kg2 50. Ke3 f1=Q 51. Rxf1 Kxf1 52. Kf3 h4 53. b4 Kg1
54. Ke4 1-0

[Event "52nd World Juniors 2013"]
[Site "Kocaeli TUR"]
[Date "2013.09.18"]
[Round "6.5"]
[White "Duda, Jan-Krzysztof"]
[Black "Idani, Pouya"]
[Result "1/2-1/2"]
[WhiteTitle "IM"]
[BlackTitle "IM"]
[WhiteElo "2534"]
[BlackElo "2480"]
[WhiteFideId "1170546"]
[BlackFideId "12510130"]
[EventDate "2013.09.13"]

1. e4 c5 2. Nf3 d6 3. d4 Nf6 4. Nc3 cxd4 5. Nxd4 a6 6. Be2 e5 7. Nb3 Be7 8. O-O
O-O 9. Re1 Be6 10. a4 Nc6 11. Be3 Nb4 12. Bf3 Rc8 13. a5 Qd7 14. Re2 d5 15. exd5
Nfxd5 16. Nxd5 Nxd5 17. Ba7 Rfd8 18. Rd2 Qb5 19. Qf1 Qxf1+ 20. Rxf1 Nb4 21.
Rxd8+ Rxd8 22. Bc5 Kf8 23. Bxe7+ Kxe7 24. Nc5 Nxc2 25. Nxe6 Kxe6 26. Bxb7 Nb4
27. Rc1 Rd2 28. g3 Kd6 29. b3 Rd3 30. Rc8 Rxb3 31. Rf8 Ke7 32. Rc8 Kd6 33. Rf8
Ke7 34. Rc8 Rd3 35. Be4 Rd1+ 36. Kg2 g6 37. Rb8 Rd4 38. Bf3 e4 39. Rb7+ Ke6 40.
Be2 Nd3 41. Ra7 Rd6 42. Kf1 h5 43. f3 f5 44. fxe4 fxe4 45. Bxd3 exd3 46. Ke1 d2+
47. Kd1 Kf5 48. Rb7 Rd5 49. Rb6 Rxa5 50. Kxd2 g5 51. Rb4 Ra2+ 52. Ke3 Rxh2 53.
Ra4 Rb2 54. g4+ hxg4 55. Rxa6 Rh2 56. Ra8 Kg6 57. Rg8+ Kf6 58. Rf8+ Kg7 59. Ra8
Rh8 60. Rxh8 Kxh8 61. Kf2 g3+ 1/2-1/2

[Event "52nd World Juniors 2013"]
[Site "Kocaeli TUR"]
[Date "2013.09.18"]
[Round "6.6"]
[White "Debashis, Das"]
[Black "Vakhidov, Jahongir"]
[Result "1-0"]
[WhiteTitle "IM"]
[BlackTitle "IM"]
[WhiteElo "2489"]
[BlackElo "2385"]
[WhiteFideId "5024854"]
[BlackFideId "14201801"]
[EventDate "2013.09.13"]

1. d4 Nf6 2. c4 c5 3. d5 e5 4. Nc3 d6 5. e4 Nbd7 6. Bd3 Be7 7. Be3 h5 8. f3 h4
9. Qd2 Nf8 10. Nge2 a6 11. Nd1 Bd7 12. Nf2 N6h7 13. g3 Bg5 14. f4 Bf6 15. Ng1 b5
16. Nf3 bxc4 17. Bxc4 exf4 18. gxf4 Ng6 19. O-O O-O 20. Rae1 Re8 21. f5 Ngf8 22.
Bf4 Bb5 23. b3 Rb8 24. Nd3 Qd7 25. Kh1 Rb6 26. Qc2 Qb7 27. e5 dxe5 28. Nfxe5 Qc8
29. d6 Bxc4 30. Nxc4 Rxe1 31. Rxe1 h3 32. Nf2 Rb8 33. Nxh3 Bh4 34. Bg3 Bxg3 35.
hxg3 Nf6 36. Ng5 Qc6+ 37. Qg2 Qd7 38. g4 Re8 39. Ne4 N8h7 40. Kg1 Ng5 41. Nxf6+
gxf6 42. Kf1 Rb8 43. Kf2 Kg7 44. Rh1 Rg8 45. Kf1 Re8 46. Qh2 Re1+ 47. Kf2 Rxh1
48. Qxh1 Qe8 49. Qd5 Ne4+ 50. Kf1 Nc3 51. Qd3 Nb5 52. d7 Qd8 53. Qd5 Nc3 54. Qd2
Nb5 55. g5 fxg5 56. Qd5 Nd4 57. Ne5 Qf6 58. Qxf7+ Qxf7 59. Nxf7 Nc6 60. d8=Q 1-0

[Event "52nd World Juniors 2013"]
[Site "Kocaeli TUR"]
[Date "2013.09.18"]
[Round "6.7"]
[White "Cori, Jorge"]
[Black "Velten, Paul"]
[Result "1-0"]
[WhiteTitle "GM"]
[BlackTitle "FM"]
[WhiteElo "2587"]
[BlackElo "2427"]
[WhiteFideId "3802272"]
[BlackFideId "681091"]
[EventDate "2013.09.13"]

1. Nf3 Nf6 2. c4 e6 3. g3 d5 4. Bg2 Nc6 5. cxd5 exd5 6. O-O Bf5 7. d4 Qd7 8. Nc3
Bb4 9. Qb3 O-O 10. Ne5 Nxe5 11. Qxb4 Nc6 12. Qa4 Bh3 13. Bg5 Bxg2 14. Kxg2 Ne4
15. Nxe4 dxe4 16. Rfd1 Qg4 17. Qb5 Rab8 18. Bf4 a6 19. Qc4 Ne7 20. d5 Ng6 21.
Bxc7 Rbc8 22. h3 Qd7 23. d6 Rfe8 24. Rd5 Nf8 25. Rc1 Re6 26. Rc3 Rh6 27. h4 Re6
28. Qb4 e3 29. f3 Rg6 30. h5 1-0

[Event "52nd World Juniors 2013"]
[Site "Kocaeli TUR"]
[Date "2013.09.18"]
[Round "6.8"]
[White "Dimitrov, Radoslav"]
[Black "Salem, A.R. Saleh"]
[Result "1/2-1/2"]
[WhiteTitle "IM"]
[BlackTitle "GM"]
[WhiteElo "2437"]
[BlackElo "2570"]
[WhiteFideId "2908549"]
[BlackFideId "9301348"]
[EventDate "2013.09.13"]

1. e4 e5 2. Nc3 Nf6 3. Nf3 Nc6 4. Bb5 Bb4 5. O-O O-O 6. d3 d6 7. Ne2 Ne7 8. Ng3
Ng6 9. c3 Ba5 10. d4 c6 11. Ba4 Bb6 12. Bb3 Re8 13. Be3 h6 14. Qc2 Bg4 15. Nd2
d5 16. dxe5 Rxe5 17. Bd4 Re8 18. Bxf6 Qxf6 19. exd5 Nf4 20. Nde4 Qg6 21. dxc6
Rxe4 22. cxb7 Rb8 23. Qxe4 Ne2+ 24. Qxe2 Bxe2 25. Nxe2 Rxb7 26. Rad1 a5 27. Nf4
Qf5 28. g3 g5 29. Rd5 Qe4 30. Nh5 Qe2 31. Nf6+ Kg7 32. Rf5 Kg6 33. g4 Bd8 34.
Bd1 Qxb2 35. Nh5 Qxa2 36. Bf3 Re7 37. Rd1 Bc7 38. Kg2 Kh7 39. Nf6+ Kg7 40. Nd5
Rd7 41. c4 Bb6 42. Nxb6 Rxd1 43. Bxd1 Qb1 44. Bf3 Qxb6 45. c5 Qb4 46. c6 a4 47.
c7 Qc3 48. Ra5 Qxc7 49. Rxa4 Qc5 50. h3 f5 51. Ra1 fxg4 52. hxg4 Kf6 1/2-1/2

[Event "52nd World Juniors 2013"]
[Site "Kocaeli TUR"]
[Date "2013.09.18"]
[Round "6.9"]
[White "Baghdasaryan, Vahe"]
[Black "Kovalev, Vladislav"]
[Result "0-1"]
[WhiteTitle "IM"]
[BlackTitle "IM"]
[WhiteElo "2423"]
[BlackElo "2568"]
[WhiteFideId "13303139"]
[BlackFideId "13504398"]
[EventDate "2013.09.13"]

1. e4 e5 2. Nf3 Nc6 3. Bc4 Nf6 4. d3 Bc5 5. c3 O-O 6. O-O d6 7. Nbd2 a6 8. Bb3
Ba7 9. h3 Ne7 10. Re1 Ng6 11. Nf1 Nh5 12. d4 exd4 13. cxd4 Nhf4 14. Ng3 c5 15.
Be3 cxd4 16. Bxd4 Bxd4 17. Qxd4 Ne5 18. Nxe5 dxe5 19. Qc3 Qg5 20. Rad1 Be6 21.
Bxe6 fxe6 22. Rd7 h5 23. h4 Qxh4 24. Nf1 Nxg2 25. Kxg2 Rxf2+ 26. Kg1 Raf8 27.
Rd3 Qf4 28. Ng3 h4 29. Qb3 Rf6 30. Qd1 hxg3 31. Rd8+ Kh7 0-1

[Event "52nd World Juniors 2013"]
[Site "Kocaeli TUR"]
[Date "2013.09.18"]
[Round "6.13"]
[White "Narayanan, Srinath"]
[Black "Sanal, Vahap"]
[Result "1/2-1/2"]
[WhiteTitle "IM"]
[BlackTitle "IM"]
[WhiteElo "2483"]
[BlackElo "2419"]
[WhiteFideId "5018420"]
[BlackFideId "6300545"]
[EventDate "2013.09.13"]

1. e4 e5 2. Nf3 Nc6 3. Bb5 a6 4. Ba4 Nf6 5. d3 b5 6. Bb3 Bc5 7. a4 Rb8 8. c3 d6
9. O-O h6 10. Be3 O-O 11. h3 Bxe3 12. fxe3 Na5 13. Bc2 b4 14. Nbd2 bxc3 15. bxc3
Qe7 16. Nb3 Nxb3 17. Bxb3 Be6 18. Bxe6 Qxe6 19. Nd2 d5 20. Qf3 dxe4 21. Nxe4
Nxe4 22. Qxe4 f5 23. Qf3 Rb3 24. Rfc1 e4 25. dxe4 Qxe4 26. Qxe4 fxe4 27. a5 Rb2
28. Rf1 Re2 29. Rxf8+ Kxf8 30. Ra4 Rxe3 31. Rc4 Re2 32. Rxc7 e3 33. Rc5 Rc2 1/2-1/2

[Event "52nd World Juniors 2013"]
[Site "Kocaeli TUR"]
[Date "2013.09.18"]
[Round "6.14"]
[White "Dastan, Muhammed Batuhan"]
[Black "Wang, Yiye"]
[Result "1/2-1/2"]
[WhiteTitle "IM"]
[WhiteElo "2455"]
[BlackElo "2258"]
[WhiteFideId "6300014"]
[BlackFideId "8606021"]
[EventDate "2013.09.13"]

1. e4 e6 2. d4 d5 3. e5 c5 4. c3 Nc6 5. Nf3 Qb6 6. a3 c4 7. Nbd2 Na5 8. Be2 Bd7
9. Rb1 Ne7 10. b4 cxb3 11. Nxb3 Ba4 12. Nxa5 Bxd1 13. Rxb6 axb6 14. Bb5+ Kd8 15.
Nxb7+ Kc7 16. Kxd1 Kxb7 17. Ng5 Nc6 18. Nxf7 Bxa3 19. Nxh8 Bxc1 20. Nf7 Ba3 21.
Ke2 Be7 22. Bd3 Rf8 23. Nd6+ Bxd6 24. exd6 h6 25. h4 e5 26. dxe5 Nxe5 27. Bb5
Rd8 28. f4 Nf7 29. Rd1 Rxd6 30. Kf3 Nd8 31. c4 d4 32. f5 Kc7 33. Ke4 Nb7 34.
Rxd4 Nc5+ 35. Ke3 Rxd4 36. Kxd4 Kd6 37. Be8 Nb3+ 38. Kc3 Nc5 39. Bg6 Ke5 40. Kb4
Ne4 1/2-1/2